[Event "CRO-chT3 South"]
[Site "Dubrovnik"]
[Date "2013.10.19"]
[Round "6.6"]
[White "Dadic, Kristijan"]
[Black "Cesaric, Slavko"]
[Result "0-1"]
[WhiteElo "1516"]
[BlackElo "1848"]
[PlyCount "108"]
[EventDate "2013.04.27"]
[EventType "team-tourn"]
[EventRounds "7"]
[EventCountry "CRO"]
[SourceTitle "EXT 2014"]
[Source "ChessBase"]
[SourceDate "2013.11.20"]
[SourceVersion "1"]
[SourceVersionDate "2013.11.20"]
[SourceQuality "1"]
[WhiteTeam "Kastel"]
[BlackTeam "Novigrad"]
[WhiteTeamCountry "CRO"]
[BlackTeamCountry "CRO"]

1. e4 e5 2. Bc4 Nc6 3. d3 Nf6 4. Nc3 Bb4 5. f4 d6 6. h3 Bd7 7. Nf3 Nd4 8. a3 Bxc3+ 9. bxc3 Nxf3+ 10. Qxf3 c6 11. fxe5 dxe5 12. 0-0 h6 13. Bb3 Qe7 14. Be3 Be6 15. Bxe6 Qxe6 16. Qf5 Qxf5 17. Rxf5 Nd7 18. d4 f6 19. Rb1 b6 20. Bf2 0-0 21. Bg3 Rae8 22. Re1 Re7 23. Ref1 Rfe8 24. d5 cxd5 25. exd5 Rc8 26. R5f3 Rc5 27. Rd1 Rc4 28. Be1 Nc5 29. Bf2 Ne4 30. Be1 Rd7 31. Rfd3 Ra4 32. Ra1 Ra5 33. Re3 Nd6 34. c4 Nxc4 35. Bxa5 Nxe3 36. Bd2 Nxc2 37. Rc1 Nxa3 38. Rc8+ Kf7 39. Bb4 Nb5 40. g4 Rxd5 41. h4 Rd4 42. Rf8+ Ke6 43. Re8+ Kd7 44. Re7+ Kd8 45. Rxg7 Rxb4 46. h5 a5 47. Rg6 a4 48. Rxh6 a3 49. Rh8+ Kd7 50. Rh7+ Ke6 51. h6 Rxg4+ 52. Kf2 a2 53. Rh8 a1Q 54. h7 Qg1+ 0-1